Austrian Airlines Destinations - Statistics

General Stats
  • This quiz has been taken 48 times
  • The average score is 82 of 127
Answer Stats
Country Destination % Correct
Greece Athens
95%
Netherlands Amsterdam
89%
Thailand Bangkok
89%
Germany Berlin
89%
Hungary Budapest
89%
Spain Barcelona
87%
Romania Bucharest
87%
Egypt Cairo
87%
Denmark Copenhagen
87%
United States New York
87%
Serbia Belgrade
84%
United States Boston
84%
Germany Frankfurt
84%
United Kingdom London
84%
Italy Milan
84%
Germany Munich
84%
Italy Rome
84%
Sweden Stockholm
84%
Poland Warsaw
84%
Switzerland Zürich
84%
Jordan Amman
82%
Belgium Brussels
82%
United States Chicago
82%
Germany Cologne/Bonn
82%
Germany Düsseldorf
82%
United Kingdom Edinburgh
82%
Switzerland Geneva
82%
United Kingdom Manchester
82%
France Nice
82%
Norway Oslo
82%
France Paris
82%
Japan Tokyo
82%
France Marseille
79%
Portugal Porto
79%
Czech Republic Prague
79%
China Shanghai
79%
Israel Tel Aviv
79%
Italy Venice
79%
United States Washington
79%
Turkey Antalya
76%
Italy Florence
76%
Germany Hamburg
76%
United States Los Angeles
76%
France Lyon
76%
Italy Naples
76%
Bulgaria Sofia
76%
Germany Stuttgart
76%
Albania Tirana
76%
Croatia Zagreb
76%
Austria Innsbruck
74%
Poland Kraków
74%
Maldives Malé
74%
Iran Tehran
74%
Italy Bologna
71%
Croatia Dubrovnik
71%
Iceland Reykjavík
71%
Bosnia & Herzegovina Sarajevo
71%
Spain Seville
71%
Croatia Split
71%
Italy Bari
68%
Moldova Chișinău
68%
Austria Graz
68%
Morocco Marrakech
68%
Canada Montréal
68%
North Macedonia Skopje
68%
Austria Vienna
68%
Germany Bremen
66%
Sweden Gothenburg
66%
Greece Heraklion
66%
Georgia Tbilisi
66%
Bulgaria Varna
66%
Lithuania Vilnius
66%
Iraq Erbil
63%
Germany Hanover
63%
Greece Kos
63%
Austria Linz
63%
Kosovo Pristina
63%
Greece Rhodes
63%
Greece Thessaloniki
63%
Spain Valencia
63%
Greece Corfu
61%
Portugal Funchal
61%
Spain Ibiza
61%
Cyprus Larnaca
61%
Spain Málaga
61%
Spain Palma de Mallorca
61%
Armenia Yerevan
61%
Bulgaria Burgas
58%
Slovakia Košice
58%
Germany Leipzig
58%
Italy Palermo
58%
Montenegro Podgorica
58%
Greece Santorini
58%
Greece Zakynthos
58%
Italy Cagliari
55%
Italy Catania
55%
Greece Chania
55%
Mauritius Mauritius
55%
Greece Mykonos
55%
Croatia Zadar
53%
Spain Gran Canaria
50%
Austria Klagenfurt
50%
Spain Tenerife
50%
Turkey Dalaman
47%
Finland Rovaniemi
47%
Norway Tromsø
47%
France Basel
45%
Spain Menorca
45%
Romania Iași
39%
Montenegro Tivat
39%
Greece Kefalonia
37%
Spain Fuerteventura
34%
Italy Olbia
34%
Romania Sibiu
34%
Greece Skiathos
34%
Greece Kalamata
32%
Italy Lamezia Terme
32%
Greece Preveza/Lefkada
29%
Greece Samos
29%
Finland Kittilä
26%
Greece Kavala
24%
Germany Sylt
24%
Finland Ivalo
21%
Greece Karpathos
21%
Norway Harstad-Narvik
11%
Greece Limnos
5%
Greece Araxos
3%
No matching quizzes found
Score Distribution
Percent of People with Each Score
Percentile by Number Answered
Your Score History
You have not taken this quiz